|
|
|
|
| LEADER |
01209nam a22002897a 4500 |
| 001 |
36647 |
| 003 |
BD-DhAAL |
| 005 |
20211129105101.0 |
| 008 |
191117t20062017ii b|||| |||| 001 0 eng d |
| 999 |
|
|
|c 41831
|d 41831
|
| 020 |
|
|
|a 9780144001491
|
| 040 |
|
|
|a BD-DhAAL
|
| 082 |
|
|
|a 954.0252092
|2 23
|
| 245 |
|
|
|a Babur Nama :
|b Journal of Emperor Babur /
|c Translated from the Turkish by Annette Susannah Beveridge ; abridged, edited and introduced by Dilip Hiro.
|
| 260 |
|
|
|a New Delhi :
|b Penguin Books,
|c 2017
|
| 300 |
|
|
|a xxxiii, 385 pages :
|b maps ;
|c 20 cm.
|
| 526 |
|
|
|a BBS
|
| 541 |
|
|
|a Zeenat Book Supply Ltd.
|e 36647
|
| 600 |
|
|
|a Babur,
|c Emperor of Hindustan,
|d 1483-1530.
|9 37177
|
| 650 |
|
|
|a Mogul Empire
|x Kings and rulers
|v Biography.
|9 37178
|
| 650 |
|
|
|a Business & finance
|9 43307
|
| 651 |
|
|
|a India
|x History
|y 1500-1765
|x Sources.
|9 37179
|
| 700 |
|
|
|a Beveridge, Annette Susannah
|9 37180
|
| 700 |
|
|
|a Hiro, Dilip
|9 37181
|
| 852 |
|
|
|a Ayesha Abed
|c Library General Stacks
|
| 942 |
|
|
|2 ddc
|c BK
|
| 952 |
|
|
|0 0
|1 0
|2 ddc
|4 0
|6 954_025209200000000_BAB
|7 0
|9 67160
|a BRACUL
|b BRACUL
|c GEN
|d 2019-11-14
|e Zeenat Book Supply Ltd.
|g 781.00
|l 5
|m 13
|o 954.0252092 BAB
|p 3010036647
|r 2026-04-06
|s 2026-03-08
|t 1
|v 781.00
|w 2019-11-14
|y BK
|